Catálogo
 En Linea

Apuntes de cancerología : (Registro nro. 16673)

Detalles MARC
000 -CABECERA
campo de control de longitud fija 00764nam a2200241 a 4500
001 - NÚMERO DE CONTROL
campo de control 000017147
003 - IDENTIFICADOR DEL NÚMERO DE CONTROL
campo de control DO-SdBNP
005 - FECHA Y HORA DE LA ÚLTIMA TRANSACCIÓN
campo de control 20250131205118.0
008 - DATOS DE LONGITUD FIJA--INFORMACIÓN GENERAL
campo de control de longitud fija 100319s1950 dr r 000 0 spa d
040 ## - FUENTE DE LA CATALOGACIÓN
Centro catalogador/agencia de origen DO-SdBNP
Lengua de catalogación spa
Centro/agencia transcriptor BNPHU
082 #4 - NÚMERO DE LA CLASIFICACIÓN DECIMAL DEWEY
Número de clasificación 616.994
Número de documento/Ítem P625a
Número de edición 22
100 1# - ENTRADA PRINCIPAL--NOMBRE DE PERSONA
Nombre de persona Pieter-Bennett, Heriberto
9 (RLIN) 37766
245 10 - MENCIÓN DE TÍTULO
Título Apuntes de cancerología :
Resto del título para el prontuario del médico práctico /
Mención de responsabilidad, etc. Heriberto Pieter.
260 ## - PUBLICACIÓN, DISTRIBUCIÓN, ETC.
Lugar de publicación, distribución, etc. Ciudad de Trujillo :
Nombre del editor, distribuidor, etc. Universidad de Santo Domingo,
Fecha de publicación, distribución, etc. 1950.
300 ## - DESCRIPCIÓN FÍSICA
Extensión 65 p. ;
Dimensiones 24 cm.
490 ## - MENCIÓN DE SERIE
Mención de serie XI
Designación de volumen o secuencia 2
590 ## - NOTA LOCAL (RLIN)
Nota local Inventariado, 2019/BT
650 #4 - PUNTO DE ACCESO ADICIONAL DE MATERIA--TÉRMINO DE MATERIA
Término de materia o nombre geográfico como elemento de entrada Oncología
9 (RLIN) 36586
710 2# - PUNTO DE ACCESO ADICIONAL--NOMBRE DE ENTIDAD CORPORATIVA
Nombre de entidad corporativa o nombre de jurisdicción como elemento de entrada Universidad de Santo Domingo
9 (RLIN) 37767
830 #0 - PUNTO DE ACCESO ADICIONAL DE SERIE-TÍTULO UNIFORME
Título uniforme XI
Designación de volumen o secuencia 2
9 (RLIN) 37768
910 ## - DATOS DE OPCIÓN DEL USUARIO (OCLC)
Datos de opción del usuario Validado. Control de calidad MFF
942 ## - ELEMENTOS DE PUNTO DE ACCESO ADICIONAL (KOHA)
Fuente del sistema de clasificación o colocación Dewey Decimal Classification
Tipo de ítem Koha Libro
Existencias
Estado de retiro Estado de pérdida Fuente del sistema de clasificación o colocación Restricciones de uso No para préstamo Código de colección Localización permanente Ubicación/localización actual Ubicación en estantería Fecha de adquisición Total de préstamos Signatura topográfica completa Código de barras Fecha visto por última vez Precio válido a partir de Tipo de ítem Koha Número de copia
    Dewey Decimal Classification Excluido de préstamo Excluido de préstamo Raros y valiosos Biblioteca Nacional Pedro Henríquez Ureña Patrimonio Dominicano Depósito 19.03.2010   BNPHU PD-RV 616.994 P625a 17147-10 25.06.2020 25.06.2020 Libro  
  Extraviado Dewey Decimal Classification Excluido de préstamo Préstamo restrigido Raros y valiosos Biblioteca Nacional Pedro Henríquez Ureña Patrimonio Dominicano Extraviado 19.03.2010   BNPHU PD-RV 616.994 P625a 17147-20 25.06.2020 25.06.2020 Libro e.2

Con tecnología Koha